ბათუმის შოთა რუსთაველის სახელმწიფო უნივერსიტეტის ბიბლიოთეკა

საქართველოს სამოქალაქო კოდექსი. 2013 (ბიბ.ჩანაწერი № 53154)

000 -LEADER
fixed length control field 00630nam a2200133Ia 4500
001 - CONTROL NUMBER
control field 20193
003 - CONTROL NUMBER IDENTIFIER
control field GE_BSU
008 - FIXED-LENGTH DATA ELEMENTS--GENERAL INFORMATION
fixed length control field 181216s||||||||xx |||||||||||||| ||und||
040 ## - CATALOGING SOURCE
Transcribing agency GE_BSU
245 ## - TITLE STATEMENT
Title საქართველოს სამოქალაქო კოდექსი. 2013
245 ## - TITLE STATEMENT
Remainder of title ანბანურ-საგნობრივი საძიებლით:ცვლილებებითა და დამატებებით 2013 წლის 15 აპრილამდე.
653 ## - INDEX TERM--UNCONTROLLED
Uncontrolled term საქართველოს სამოქალაქო კოდექსი. 2013
942 ## - ADDED ENTRY ELEMENTS (KOHA)
Koha item type წიგნი

არაა ხელმისაწვდომი ეგზემპლარები.